Las desapariciones forzadas y los "falsos positivos"

Bibliographic Details
Main Author: Quintero Mendoza, Juan Sebastiǹ
Format: eBook
Language:Spanish
Published: Bogot:̀ Editorial Universidad de Rosario (Colombia), 2016
Subjects:
Online Access:Acceso restringido

MARC

LEADER 00000nam a22000007a 4500
005 20171010152953.0
007 cr|||| |||
008 171010s2016 ck |||||s|||| 00||0 spa d
020 |a 978-958-738-792-6 
035 |a 20721 
040 |a vLex 
090 |c 7113  |d 7113 
100 1 |a Quintero Mendoza, Juan Sebastiǹ 
245 1 3 |a Las desapariciones forzadas y los "falsos positivos"  |h [Recurso electrn̤ico] /  |c Juan Sebastiǹ Quintero Mendoza  
256 |a Servicio en ln̕ea 
260 |a Bogot:̀  |b Editorial Universidad de Rosario (Colombia),  |c 2016 
300 |a 1 recurso electrn̤ico 
500 |a Actualmente no hay un consenso en la categorizacin̤ jurd̕ica de los mal llamados “falsos positivos” debido a que en algunas ocasiones se habla de ejecuciones extrajudiciales, otras veces de homicidio en persona protegida y en otros casos de desapariciones forzadas, dependiendo de la institucin̤ que los juzgue. Por eso se hace imprescindible la integracin̤ de conceptos para que se pueda generar seguridad jurd̕ica en el derecho administrativo colombiano en lo referente a la responsabilidad extracontractual del Estado. El concepto de reparacin̤ adoptado en los estamentos de derecho administrativo colombiano no siempre coincide con los estǹdares delineados por el Sistema Interamericano de proteccin̤ de Derechos Humanos, lo cual repercute de manera negativa en el tratamiento dado a las vc̕timas de los “falsos positivos”. Esto hace necesario el estudio detallado de las decisiones propias de cada sistema y compararlas para buscar mejorar los estǹdares nacionales de reparacin̤. Si se unifican los criterios de calificacin̤ jurd̕ica de los “falsos positivos” se dar ̀un avance en el m̀bito del derecho administrativo colombiano, porque dicha calificacin̤ hace ms̀ expedita e inequv̕oca la aplicacin̤ de la convencin̤ interamericana sobre desaparicin̤ forzada y la jurisprudencia de la corte interamericana en las sentencias del Consejo de Estado. 
506 1 |a Disponible solo en los productos indicados  |d vLex Global  |d vLex Global (Academic Edition, excluding Law Schools)  |d vLex Global (U.S. Academic Edition, Law Schools)  |d vLex Global (U.S. Academic Edition, excluding Law Schools)  |d vLex Global (Academic Edition, Law Schools) 
650 0 4 |a Derecho pb︢lico  |z Colombia 
650 0 4 |a Derecho administrativo  |z Colombia 
740 0 |a vLex Libros (Servicio en ln̕ea) 
856 4 0 |u http://vlex.com/source/desapariciones-forzadas-y-los-falsos-positivos--20721  |z Acceso restringido 
942 |c BOOK 
999 0 |a Public law 
999 0 |a Administrative law